Language practice: reference and practice for intermediate students of american english

Guardat en:
Dades bibliogràfiques
Autor principal: Vince, Michael (Autor)
Format: Llibre
Idioma:anglès
Publicat: Oxford MacMillan Heinemann English language Teaching 2000
Matèries:
Etiquetes: Afegir etiqueta
Sense etiquetes, Sigues el primer a etiquetar aquest registre!

MARC

LEADER 00000nam a2200000 a 4500
001 UCM7764
003 CL-VaPUC
008 030110e20000000UK |||||||||||||||||eng|d
082 0 4 |a 428  |b VIN  |2 21 
100 0 |a Vince, Michael  |e author  |9 473395 
245 1 0 |a Language practice: reference and practice for intermediate students of american english 
300 |a 266 p 
942 |c BK 
945 |d 20030110 00:00:00  |a cmena 
260 |a Oxford  |b MacMillan Heinemann English language Teaching  |c 2000 
650 0 |a Educación lingüística  |9 306506 
650 0 |a Enseñanza del inglés  |9 367340 
650 0 |a Lengua inglesa  |9 318842 
650 0 |a Métodos de enseñanza  |9 270413 
583 |a last modification  |c 20030110 00:00:00  |k Rodrigo Vera 
999 |c 302441  |d 302439 
952 |0 0  |1 0  |4 0  |6 428_000000000000000_VIN_2000  |7 0  |8 A  |9 363022  |a BIBEDU  |b BIBEDU  |d 2019-11-21  |i 3871665  |l 1  |o 428 VIN 2000  |p 3871665  |r 2022-06-24  |s 2022-06-23  |w 2019-11-21  |y BK  |k LIT